00678nam a2200157Ia 4500082001200000100002100012245016700033260006000200300000700260650004800267650004500315650003300360650005000393650003000443650004700473 aRP 0280 aNirupama Prakash 0aSafe motherhood & access to resources among nomadic population in desert regions in Rajasthan- India and the Negev, Israel- a comparative perspective 2008-2009b: c0bIndian Council of Social Science Research, New Delhi a98 aNomadsvSocial conditionszIndiazRajasthan aNomadsvSocial conditionszIsraelzNegev aMotherhoodzIndiazRajasthan aNomadsvEconomic conditionszIndiazRajasthan aMotherhoodzIsraelzNegev aNomadsvEconomic conditionszIsraelzNegev